Wzrost ludności miejskiej - Statystyki

Ogólne statystyki
  • Ten quiz został rozwiązany 26 razy
  • Średni wynik to 33 z 50
Statystyki odpowiedzi
% Kraj % Poprawnych
5,4 Niger
91%
4,4 NIgeria
91%
3,2 Kongo
87%
4,3 Kenia
83%
3,2 Lesotho
83%
3,8 Senegal
83%
4,7 Sudan Południowy
83%
3,8 Czad
78%
4,8 Etiopia
78%
4,0 Gwinea
78%
4,0 Gwinea Bissau
78%
3,3 Gwinea Równikowa
78%
3,5 Mauretania
78%
4,2 Zambia
78%
3,5 Kamerun
74%
4,6 Madagaskar
74%
4,9 Mali
74%
3,6 Mozambik
74%
3,3 Pakistan
74%
5,4 Tanzania
74%
5,0 Angola
70%
3,5 Ghana
70%
4,4 Namibia
70%
5,8 Rwanda
70%
3,7 Somalia
70%
5,4 Uganda
70%
5,7 Burkina Faso
65%
4,2 Gambia
65%
3,2 Nepal
65%
3,9 Togo
65%
4,4 Afganistan
61%
3,2 Bhutan
61%
5,8 Burundi
61%
3,4 Irak
61%
4,1 Jemen
61%
3,2 Liberia
61%
4,1 Malawi
61%
6,4 Oman
61%
3,7 Wybrzeże Kości Słoniowej
61%
3,6 Benin
57%
3,4 Bangladesz
52%
3,7 Kuwejt
52%
4,3 Liban
52%
4,5 Laos
48%
3,4 Haiti
43%
4,4 Demokratyczna Republika Konga
39%
4,3 Timor Wschodni
39%
3,4 Vanuatu
39%
4,0 Wyspy Salomona
35%
4,3 Malediwy
22%
Nie znaleziono quizów pasujących do podanych kryteriów
Rozkład punktacji
Procent ludzi z każdym wynikiem
Percentyl według liczby udzielonych odpowiedzi
Twoja historia wyników
Nie rozwiązałeś tego quizu